000 01147nam0a2200337 i 4500
001 RU\NLR\BIBL_A\011173159
005 20240727031844.0
010 _a9785699888955
_91500
021 _aRU
_b2016-50618
_93240
035 _a(NILC)RuMoRGB-008529523
035 _a(NLR Aleph) 011173159
090 _a11777017
_c11777017
100 _a20160707d2016 u y0rusy50 ca
101 1 _arus
_ceng
102 _aRU
105 _ay|||z|||000
200 1 _aНе та девушка
_fХенк Филиппи Райан
_g[пер. с англ. Е. Синельщикова]
210 _aМосква
_cЭ
_d2016
215 _a442, [1] с.
_d20
225 1 _aМировой бестселлер
_iДетектив
300 _aНа пер. : Роман, получивший премии Agatha award и Daphne award
333 _a16+
686 1 _aШ6(7США)67-440.4{Лх1979-50}
700 1 _aРайан
_bХ. Ф.
_gХенк Филиппи
801 0 _aRU
_bРГБ
_c20160627
_gRCR
801 1 _aRU
_bРГБ
_c20160627
_2rusmarc
942 _cBOOK
980 _aNBR